000 01103nam a2200289 a 4500
001 BRCA_3401
005 20190320204249.0
041 _aeng
044 _aenk
084 _a690
_b.W37
_c1920
100 1 _aCervantes Saavedra, Miguel de
_d1547-1616
_9213
245 1 0 _aDon Quixote
_cBy Cervantes ; Retold by Edith Robarts.
260 _aLondres : Melbourne : Toronto
_bLock Ward and Co.
_c1920
300 _a95 p.
_bil. a color
_c16 cm.
500 _aContenido : Texto abreviado
500 _aTraducción muy abreviada por Edith Robarts. Adornada con ilustraciones en color. Tela; lomo y plano decorados con asuntos quijotiles Lúdovik Osterc
500 _aQMB29
546 _aTexto en : inglés
650 1 4 _aNovela española
_yÉpoca clásica, 1500-1700
_9215
650 1 4 _aLiteratura española
_yÉpoca clásica, 1500-1700
_9216
650 1 4 _aNovela española
_ySiglo XVII
_9217
650 1 4 _aDon Quijote (Personaje ficticio)
_eNovela
_9218
700 1 _aRobarts, Mary Edith
_d1870-1948
_eEditora
_98930
740 0 _aEl Ingenioso Hidalgo Don Quijote de la Mancha
902 _aQFM
942 _2lcc
_cB
999 _c3137
_d3137